[Event "Olympiad-44"]
[Site "Chennai"]
[Date "2022.08.07"]
[Round "9.4"]
[White "Reklai, Reece"]
[Black "Elvis, Havyarimana"]
[Result "0-1"]
[WhiteElo "1351"]
[BlackElo "1724"]
[PlyCount "72"]
[EventDate "2022.07.29"]
[EventType "team-swiss"]
[EventRounds "11"]
[EventCountry "IND"]
[SourceTitle "CBM 210"]
[Source "ChessBase"]
[SourceDate "2022.10.31"]
[SourceVersion "1"]
[SourceVersionDate "2022.10.31"]
[SourceQuality "1"]
[WhiteTeam "Palau"]
[BlackTeam "Burundi"]
[WhiteTeamCountry "PAL"]
[BlackTeamCountry "BRI"]

1. d4 e6 2. Bf4 Nf6 3. e3 d5 4. c3 c5 5. Nf3 Nc6 6. Nbd2 cxd4 7. cxd4 Bd6 8. Bg3 0-0 9. Bd3 a5 10. a3 Re8 11. 0-0 e5 12. dxe5 Nxe5 13. Nxe5 Bxe5 14. Qc2 Bxg3 15. fxg3 Rxe3 16. Rf3 Qb6 17. Kh1 Bg4 18. Rxe3 Qxe3 19. Nf1 Qb6 20. h3 Rc8 21. Qd2 Be6 22. Rc1 g6 23. Ne3 Ne4 24. Rxc8+ Bxc8 25. Bxe4 dxe4 26. g4 Be6 27. Kg1 Qc5 28. b4 axb4 29. axb4 Qe5 30. Kf1 h6 31. Ke2 b5 32. Nd1 Bc4+ 33. Ke1 Qh2 34. Kf2 g5 35. Nc3 Qe5 36. Ke3 Qf4+ 0-1

[Event "Olympiad-44"]
[Site "Chennai"]
[Date "2022.07.30"]
[Round "2.4"]
[White "Elvis, Havyarimana"]
[Black "Zaw, Ye Htut"]
[Result "1-0"]
[WhiteElo "1724"]
[BlackElo "1255"]
[PlyCount "65"]
[EventDate "2022.07.29"]
[EventType "team-swiss"]
[EventRounds "11"]
[EventCountry "IND"]
[SourceTitle "CBM 210"]
[Source "ChessBase"]
[SourceDate "2022.10.31"]
[SourceVersion "1"]
[SourceVersionDate "2022.10.31"]
[SourceQuality "1"]
[WhiteTeam "Burundi"]
[BlackTeam "Myanmar"]
[WhiteTeamCountry "BRI"]
[BlackTeamCountry "MYA"]

1. d4 d5 2. e4 dxe4 3. Nc3 Nf6 4. f3 exf3 5. Nxf3 Bg4 6. h3 Bh5 7. g4 Bg6 8. Ne5 Nbd7 9. Nxg6 hxg6 10. Bg2 c6 11. 0-0 e6 12. Qf3 Qb6 13. g5 Nd5 14. Qxf7+ Kd8 15. Qxe6 Qxd4+ 16. Kh1 Bc5 17. Nxd5 cxd5 18. Bf4 Re8 19. Qxg6 Re2 20. c3 Qa4 21. Qxg7 Bf8 22. Qg8 Qc2 23. Qxd5 Rc8 24. Rad1 Qa4 25. g6 Qc6 26. Qg5+ Be7 27. Bxc6 Bxg5 28. Bxg5+ Kc7 29. Bxd7 Rg8 30. Bg4 Rxb2 31. Rd7+ Kc6 32. Rf6+ Kc5 33. Be3+ 1-0

[Event "Online Olym Div4 C"]
[Site "Chess.com INT"]
[Date "2021.08.22"]
[Round "11.2"]
[White "Nxumalo, Vuyo"]
[Black "Elvis, Havyarimana"]
[Result "1-0"]
[WhiteElo "1518"]
[BlackElo "1724"]
[PlyCount "57"]
[EventDate "2021.08.20"]
[EventType "team (rapid)"]
[EventRounds "11"]
[EventCountry "USA"]
[SourceTitle "CBM 203 Extra"]
[Source "ChessBase"]
[SourceDate "2021.09.30"]
[SourceVersion "1"]
[SourceVersionDate "2021.09.30"]
[SourceQuality "1"]
[WhiteTeam "Swaziland"]
[BlackTeam "Burundi"]
[WhiteTeamCountry "SWA"]
[BlackTeamCountry "BRI"]

1. e4 e6 2. d4 d5 3. Nc3 Nf6 4. exd5 exd5 5. Nf3 h6 6. Bd3 c6 7. 0-0 Bd6 8. Re1+ Be6 9. Bf5 0-0 10. Bxe6 fxe6 11. Rxe6 Nbd7 12. Rxd6 Qe7 13. Bf4 Ne4 14. Be5 Nxd6 15. Bxd6 Qxd6 16. Qd3 Rae8 17. Ne2 Nf6 18. Ne5 Ne4 19. f3 Ng5 20. c4 c5 21. h4 Ne6 22. Ng6 Rf6 23. h5 Nxd4 24. Nxd4 cxd4 25. Qxd4 Re5 26. Qxe5 Rxg6 27. Qe8+ Kh7 28. hxg6+ Qxg6 29. Qxg6+ 1-0